Chipre: siete preguntas y siete respuestas

Bewaard in:
Bibliografische gegevens
Formaat: Boek
Taal:Spaans
Gepubliceerd in: Ankara Ministerio de Asuntos Exteriores 1999
Onderwerpen:
Tags: Voeg label toe
Geen labels, Wees de eerste die dit record labelt!

MARC

LEADER 00000nam a2200000 a 4500
001 UCO4002
003 CL-VaPUC
008 000728e19990000TU |||||||||||||||||spa|d
082 0 4 |a 956.45  |b CHI  |2 21 
245 1 0 |a Chipre: siete preguntas y siete respuestas 
300 |a 18 p 
942 |c BK 
945 |d 20000728 00:00:00  |a crobeson 
260 |a Ankara  |b Ministerio de Asuntos Exteriores  |c 1999 
650 7 |a HISTORIA DE CHIPRE 1571-1959  |2 CL-VaPUC  |9 448071 
651 0 |a Chipre   |9 381833 
583 |a last modification  |c 20120830 10:10:32  |k Rodrigo Vera 
999 |c 290091  |d 290089 
952 |0 0  |1 0  |4 0  |6 956_450000000000000_CHI_1999  |7 0  |8 A  |9 339303  |a BIBHIS  |b BIBHIS  |d 2019-11-20  |i 1202855  |o 956.45 CHI 1999  |p 1202855  |r 2025-01-20  |w 2019-11-20  |y BK  |k HIS